| 000 | 01573cam a2200241 4500 | ||
|---|---|---|---|
| 001 | ##L134093 | ||
| 008 | 060710n2006 000 0 eng u | ||
| 035 | _a(Sirsi) u134093 | ||
| 041 | 0 | _aeng | |
| 050 | 0 | 4 | _a332.6324 $2 18 |
| 110 | 2 |
_aParagon Mortgages _94976 |
|
| 245 | 0 | 0 |
_aParagon buy-to-let index _bJune 2006 |
| 260 |
_aSolihull _bParagon Mortgages _c2006 |
||
| 490 | 0 | _aParagon Mortgages Buy-to-Let Index | |
| 505 | 2 | _aHighlights -- Averages -- Rental yield average for England and Wales -- Property value and rental income average for England and Wales -- Landlord property value, rental value, yield and percentage change by region -- Landlord property yields by region -- Landlord property values by region -- Landlord rental incomes by region -- Landlord property value, rental value, yield and percentage change by property type | |
| 520 | _aReports overall steady rents for May as landlords continue to buy, with some regional variations. Property values rose by 2.85% in May, and yields are currently 6.03%. Terraced properties generated the highest yields. This market indicator provides statistics on property value, rental yields, and rental income for England and Wales as a whole and broken down by region. Tables and graphs. | ||
| 590 | _aIKA180706 | ||
| 650 | 2 | 4 | _aPARAGON MORTGAGES BUY-TO-LET INDEX |
| 651 | 4 |
_aEngland and Wales _y1543- |
|
| 690 | _aPROPERTY-RESIDENTIAL PROPERTY-RESIDENTIAL PROPERTY MARKET | ||
| 856 | 4 | 0 |
_uhttps://www.paragon-mortgages.co.uk/ _zView the item free of charge at www.paragon-mortgages.co.uk... |
| 942 | _n0 | ||
| 999 |
_c105539 _d105539 |
||